000 00687nam a2200289Ia 4500
005 20260324132258.0
008 008 260324s9999 xx 000 0 eng d
020 _a9781315242729
037 _aEBOOK
040 _aCRL
040 _beng
040 _cCRL
041 _2eng
041 _aeng
084 _qCRL
100 _aChris Rudd; Robert G. Patman
_91188678
245 0 _aSovereignty under Siege?
245 0 _bGlobalization and New Zealand
260 _bTaylor and Francis
260 _c2005
365 _a
365 _b230
856 _uhttp://www.taylorfrancis.com/books/9781315242729
942 _cEBOOK
999 _c1786658
_d1786658